الهجرة الداخلية : (Record no. 62372)

MARC details
000 -LEADER
fixed length control field 00734nam a22002177a 4500
005 - DATE AND TIME OF LATEST TRANSACTION
control field 20251108171800.0
008 - FIXED-LENGTH DATA ELEMENTS--GENERAL INFORMATION
fixed length control field 250721s2002 xx 000 0 ara d
082 14 - DEWEY DECIMAL CLASSIFICATION NUMBER
Classification number 307.2/صقو
100 1# - MAIN ENTRY--PERSONAL NAME
Personal name الصقور، صالح خليل
245 10 - TITLE STATEMENT
Title الهجرة الداخلية :
Remainder of title أشكالها و دوافعها و آثارها على البلدان النامية /
246 13 - VARYING FORM OF TITLE
Title proper/short title الضخ الريفي و التضخم الحضري
264 1# - PRODUCTION, PUBLICATION, DISTRIBUTION, MANUFACTURE, AND COPYRIGHT NOTICE
Place of production, publication, distribution, manufacture عمان :
Name of producer, publisher, distributor, manufacturer دار زهران للنشر والتوزيع،
Date of production, publication, distribution, manufacture, or copyright notice 2002.
300 ## - PHYSICAL DESCRIPTION
Extent 324ص.
650 17 - SUBJECT ADDED ENTRY--TOPICAL TERM
Topical term or geographic name as entry element الهجرة الداخلية
650 17 - SUBJECT ADDED ENTRY--TOPICAL TERM
Topical term or geographic name as entry element المجتمع
650 17 - SUBJECT ADDED ENTRY--TOPICAL TERM
Topical term or geographic name as entry element الأردن
650 17 - SUBJECT ADDED ENTRY--TOPICAL TERM
Topical term or geographic name as entry element الريف
650 17 - SUBJECT ADDED ENTRY--TOPICAL TERM
Topical term or geographic name as entry element المدن
942 ## - ADDED ENTRY ELEMENTS (KOHA)
Source of classification or shelving scheme Dewey Decimal Classification
Koha item type Books
Holdings
حالة السحب حالة الفقدان مصدر التصنيف حالة التلف غير قابل للإعارة المكتبة الرئيسية المكتبة الحالية موقع الرف تاريخ التزويد الرقم المتسلسل Total Checkouts رقم الإستدعاء الباركود تاريخ آخر ظهور تاريخ الفاتورة نوع المادة (كوها)
    Dewey Decimal Classification     مكتبة أبو علندا العامة مكتبة أبو علندا العامة الإعارة 06/07/2004 548930   307.2/صقو 548930 28/07/2025 06/07/2004 Books
    Dewey Decimal Classification Unchecked   مكتبة الأميرة ايمان العامة مكتبة الأميرة ايمان العامة الإعارة 28/07/2025 548921   307.2/صقو   28/07/2025 28/07/2025 Books
    Dewey Decimal Classification Unchecked   مكتبة الجويدة مكتبة الجويدة الإعارة 28/07/2025 548924   307.2/صقو   28/07/2025 28/07/2025 Books
    Dewey Decimal Classification Unchecked   مكتبة الحسن العامة مكتبة الحسن العامة الإعارة 28/07/2025 548928   307.2/صقو   28/07/2025 28/07/2025 Books
    Dewey Decimal Classification     مكتبة حمزة العامة مكتبة حمزة العامة الإعارة 28/10/2015 548926   307.2/صقو PLD00360833 28/07/2025 28/10/2015 Books
    Dewey Decimal Classification     مكتبة صويلح العامة مكتبة صويلح العامة الإعارة 06/07/2004 548922   307.2/صقو DUP-01_548922 28/07/2025 06/07/2004 Books
    Dewey Decimal Classification     مكتبة وادي السير العامة مكتبة وادي السير العامة الإعارة 28/07/2025 548922   307.2/صقو DUP-02_548922 28/07/2025 28/07/2025 Books
Implemented & Customized by: BBB with SCIT (Smart Chains for Information Technology)

Powered by Koha